000 01367nam0a22002531 4500
001 rc\4195024
005 20250611011630.0
021 _aRU
_b[49-22447]
035 _a(NLR Aleph) 008005277
090 _a8665677
_c8665677
100 _a20130415d1949 |||y0rusy50 ca
101 0 _arus
102 _aRU
105 _ac z |||||
200 1 _aXVI (3-я Объединенная) сессия Украинского психоневрологического института и Института психиатрии Министерства здравоохранения СССР, посвященная 100-летию со дня рождения великого русского ученого И.П. Павлова. 11-13 е июня 1949 г.
_fМ-во здравоохранения СССР. М-во здравоохранения УССР
210 _aХарьков
_cтип. "Мистецтво"
_d[1949]
215 _a30 с.
_cпортр.
_d20
710 0 2 _aУкраинский научно-исследовательский психоневрологический институт им. В. П. Протопопова
_bНаучная сессия
_cХарьков
_d16
_f1949
_9697732
_3RU\NLR\AUTH\880518474
801 0 _aRU
_bNLR
_gpsbo
801 1 _aRU
_bELAR
_2rusmarc
852 _aNLR
_jАф02 Г-4/117
942 _cBOOK
980 _aNB